L'art du Moyen Age et la civilisation francaise
Uloženo v:
| Hlavní autoři: | , |
|---|---|
| Médium: | Kniha |
| Jazyk: | francouzština |
| Vydáno: |
París
Albin Michel
1951
|
| Edice: | L'évolution de l'humanité. Synthése Collective, 40
|
| Témata: | |
| Tagy: |
Přidat tag
Žádné tagy, Buďte první, kdo vytvoří štítek k tomuto záznamu!
|
MARC
| LEADER | 00000nam a2200000 a 4500 | ||
|---|---|---|---|
| 001 | UCX0253 | ||
| 003 | CL-VaPUC | ||
| 008 | 890901e19510000FR |||||||||||||||||fre|d | ||
| 082 | 0 | 4 | |a 709.02 |b REA |2 21 |
| 100 | 0 | |a Réau, Luis |e author |9 315634 | |
| 700 | 0 | |a Cohen, Gustave |e author |9 315635 | |
| 245 | 1 | 2 | |a L'art du Moyen Age et la civilisation francaise |
| 300 | |a 468 p | ||
| 942 | |c BK | ||
| 945 | |d 19890901 00:00:00 | ||
| 260 | |a París |b Albin Michel |c 1951 | ||
| 650 | 0 | |a Arte medieval |9 267894 | |
| 583 | |a last modification |c 19890901 00:00:00 |k Rodrigo Vera | ||
| 490 | 0 | |a L'évolution de l'humanité. Synthése Collective, 40 | |
| 999 | |c 221912 |d 221910 | ||
| 952 | |0 0 |1 0 |4 0 |6 709_020000000000000_REA_1951 |7 0 |8 A |9 215956 |a BIBHIS |b BIBHIS |d 2019-11-15 |i 2845288 |o 709.02 REA 1951 |p 2845288 |r 2025-01-20 |w 2019-11-15 |y BK |k HIS | ||